[Event "Magyar rapid bajnokság"]
[Site "Ajka"]
[Date "2020.07.17"]
[Round "3.4"]
[White "Kiss, Pal"]
[Black "Balog, Imre"]
[Result "0-1"]
[WhiteElo "2264"]
[BlackElo "2626"]
[PlyCount "86"]
[EventDate "2020.07.17"]
[EventType "swiss"]
[EventRounds "13"]
[EventCountry "HUN"]

1. d4 Nf6 2. c4 g6 3. Nc3 Bg7 4. e4 d6 5. Nf3 O-O 6. Be2 c5 7. d5 e6 8. O-O
exd5 9. exd5 Bg4 10. Ng5 Bxe2 11. Qxe2 Re8 12. Qc2 Nbd7 13. Nf3 Ng4 14. Bg5 Qb6
15. b3 h6 16. Bd2 Re7 17. Rae1 Rae8 18. Rxe7 Rxe7 19. Re1 Rxe1+ 20. Bxe1 Qd8
21. h3 Nge5 22. Nxe5 Nxe5 23. Ne2 Qg5 24. Kf1 Nd7 25. Bc3 Bxc3 26. Qxc3 Qf5 27.
Qc1 Qd3 28. Ke1 Ne5 29. f4 Nd7 30. Kf2 Nf6 31. Ng3 h5 32. Qe3 Qb1 33. Nf1 Qxa2+
34. Kg1 Qc2 35. Nd2 Kg7 36. Kh2 a6 37. Nf3 Qe4 38. Qd2 b5 39. Ng5 Qf5 40. Qe3
bxc4 41. bxc4 h4 42. Nf3 Nh5 43. Qc3+ Kg8 0-1

[Event "Magyar rapid bajnokság"]
[Site "Ajka"]
[Date "2020.07.17"]
[Round "3.5"]
[White "Banusz, Tamas"]
[Black "Zentai, Peter"]
[Result "1-0"]
[WhiteElo "2614"]
[BlackElo "2267"]
[PlyCount "101"]
[EventDate "2020.07.17"]
[EventType "swiss"]
[EventRounds "13"]
[EventCountry "HUN"]

1. d4 d5 2. Nf3 Nf6 3. Bf4 c5 4. e3 e6 5. Nbd2 Bd6 6. dxc5 Bxc5 7. Bd3 O-O 8.
O-O Nc6 9. c4 Bd6 10. Rc1 Bxf4 11. exf4 Qd6 12. g3 Rd8 13. Qe2 b6 14. cxd5 exd5
15. Ne5 Bb7 16. Nxc6 Bxc6 17. Qe5 Qd7 18. Qd4 Bb5 19. Bxb5 Qxb5 20. Rc7 Qe2 21.
Kg2 Re8 22. Rfc1 h5 23. Nf3 Re4 24. Rc8+ Rxc8 25. Rxc8+ Re8 26. Rxe8+ Qxe8 27.
Qe5 Qxe5 28. Nxe5 Kf8 29. Kf3 a6 30. Ke3 Ke7 31. Kd4 Ke6 32. f3 Ne8 33. g4 f6
34. Nc6 hxg4 35. fxg4 Kd6 36. Nb4 Nc7 37. Nd3 Ne6+ 38. Ke3 Nc5 39. h4 g6 40.
Ne1 Ne6 41. Nf3 Ng7 42. Nd4 Kc5 43. f5 gxf5 44. Nxf5 Ne6 45. h5 Ng5 46. h6 b5
47. Nd4 Kd6 48. Kf4 Kc5 49. Nf3 Nh7 50. Kf5 d4 51. Kg6 1-0

[Event "Magyar rapid bajnokság"]
[Site "Ajka"]
[Date "2020.07.17"]
[Round "3.6"]
[White "Dobos, Jozsef"]
[Black "Papp, Gabor"]
[Result "1/2-1/2"]
[WhiteElo "2254"]
[BlackElo "2603"]
[PlyCount "139"]
[EventDate "2020.07.17"]
[EventType "swiss"]
[EventRounds "13"]
[EventCountry "HUN"]

1. g3 e5 2. Bg2 d5 3. d4 exd4 4. Nf3 Nf6 5. Nxd4 c5 6. Nb3 Nc6 7. O-O Be7 8.
Nc3 Be6 9. e4 d4 10. Ne2 O-O 11. Nf4 c4 12. Nxe6 fxe6 13. Nd2 c3 14. Nb3 e5 15.
bxc3 dxc3 16. Be3 Qxd1 17. Rfxd1 Nb4 18. Rdc1 Ng4 19. a3 Nxe3 20. fxe3 Bg5 21.
axb4 Bxe3+ 22. Kh1 Bxc1 23. Rxc1 b6 24. b5 a5 25. bxa6 Rxa6 26. Bf1 Ra4 27. Bd3
Rf6 28. Kg2 Kf7 29. Re1 Ke7 30. Re3 Ra2 31. Nc1 Rb2 32. Nb3 Rd6 33. Rf3 g5 34.
Nc1 b5 35. Kf2 Rb1 36. Ne2 b4 37. Ke3 Rd1 38. Bc4 R6d2 39. Bb3 Re1 40. Rf2 g4
41. Rf7+ Ke8 42. Rf2 Ke7 43. Rf7+ Kd6 44. Rf2 h5 45. Ba4 Kc5 46. Bb3 Kb5 47.
Rg2 Kb6 48. Rf2 Kc7 49. Rg2 Kd7 50. Rf2 Ke7 51. Rf7+ Ke8 52. Rf2 Kd8 53. Rf8+
Kc7 54. Rf7+ Kb6 55. Rf6+ Kc5 56. Rf2 Rh1 57. Ba4 Kb6 58. Bb3 Kb5 59. Rg2 Rf1
60. Rf2 Rdd1 61. Rf5 Kc6 62. Bc4 Kd6 63. Nxc3 Rxf5 64. Nxd1 Rf3+ 65. Ke2 h4 66.
Ne3 hxg3 67. hxg3 Kc5 68. Be6 Kd4 69. Nxg4 Rxg3 70. Nf2 1/2-1/2

[Event "Magyar rapid bajnokság"]
[Site "Ajka"]
[Date "2020.07.17"]
[Round "3.7"]
[White "Erdos, Viktor"]
[Black "Nemeth, Zoltan"]
[Result "1-0"]
[WhiteElo "2580"]
[BlackElo "2247"]
[PlyCount "51"]
[EventDate "2020.07.17"]
[EventType "swiss"]
[EventRounds "13"]
[EventCountry "HUN"]

1. Nf3 d5 2. g3 e6 3. Bg2 Nf6 4. O-O Be7 5. c4 O-O 6. d4 dxc4 7. Qc2 a6 8. a4
Bd7 9. Rd1 Bc6 10. Bg5 Be4 11. Qxc4 b5 12. Qc1 b4 13. Nbd2 Bd5 14. Bxf6 gxf6
15. e4 Bb7 16. d5 e5 17. Bh3 Bc8 18. Bxc8 Qxc8 19. Nh4 Kh8 20. Nf5 Qd8 21. Nc4
Bd6 22. Qe3 a5 23. Rac1 Rg8 24. Ncxd6 cxd6 25. Rc4 Qd7 26. Rdc1 1-0

[Event "Magyar rapid bajnokság"]
[Site "Ajka"]
[Date "2020.07.17"]
[Round "3.8"]
[White "Hardicsay, Peter"]
[Black "Antal, Gergely"]
[Result "0-1"]
[WhiteElo "2240"]
[BlackElo "2537"]
[PlyCount "94"]
[EventDate "2020.07.17"]
[EventType "swiss"]
[EventRounds "13"]
[EventCountry "HUN"]

1. d4 Nf6 2. Nf3 g6 3. g3 Bg7 4. Bg2 d5 5. O-O c6 6. c4 dxc4 7. Ne5 Ng4 8. Nf3
Be6 9. Nc3 O-O 10. h3 Nf6 11. Ng5 Bc8 12. e4 h6 13. Nf3 b5 14. Re1 Bb7 15. Bf4
Nbd7 16. g4 a6 17. a3 Re8 18. Qc2 e6 19. Rad1 Qb6 20. Qc1 g5 21. Bg3 Rad8 22.
Bd6 c5 23. e5 cxd4 24. Nxd4 Bxg2 25. Kxg2 Nh7 26. Qe3 Nhf8 27. Qe4 Ng6 28. Qc6
Qxc6+ 29. Nxc6 Rc8 30. Nb4 Ndxe5 31. Bxe5 Nxe5 32. Nxa6 Nd3 33. Re3 Nxb2 34.
Rb1 Nd3 35. Nxb5 Nf4+ 36. Kf3 c3 37. Nd6 c2 38. Rc1 Bb2 39. Rxc2 Rxc2 40. Nxe8
Bd4 41. Nb4 Rb2 42. Nd3 Nxd3 43. Rxd3 Rxf2+ 44. Kg3 Rf4 45. Rf3 Be5 46. Rxf4
gxf4+ 47. Kf3 Kf8 0-1

[Event "Magyar rapid bajnokság"]
[Site "Ajka"]
[Date "2020.07.17"]
[Round "3.9"]
[White "Nagy, Gabor"]
[Black "Martini, Balazs"]
[Result "1-0"]
[WhiteElo "2523"]
[BlackElo "2228"]
[PlyCount "105"]
[EventDate "2020.07.17"]
[EventType "swiss"]
[EventRounds "13"]
[EventCountry "HUN"]

1. d4 Nf6 2. Nf3 g6 3. Bg5 Bg7 4. Nbd2 d5 5. e3 O-O 6. c3 Nbd7 7. Bd3 b6 8. O-O
Bb7 9. a4 c5 10. Bh4 Ne4 11. Be2 Bf6 12. Bxf6 Ndxf6 13. Ne5 Nxd2 14. Qxd2 Ne4
15. Qe1 f6 16. Nd3 Qc7 17. Nf4 Qd6 18. f3 Ng5 19. Qg3 e5 20. Nd3 Nf7 21. dxc5
bxc5 22. b4 cxb4 23. cxb4 a5 24. b5 Qb6 25. Qf2 Rac8 26. Rfc1 Nd6 27. h4 Nf5
28. e4 Nd4 29. Bf1 dxe4 30. fxe4 Bxe4 31. Nb2 Qe6 32. Nc4 Nb3 33. Re1 Rxc4 34.
Bxc4 Qxc4 35. Rad1 Bd5 36. h5 Nd4 37. h6 Qxa4 38. b6 Qc6 39. Rb1 Rb8 40. Rec1
Qe6 41. Rc7 Rxb6 42. Rbc1 Qg4 43. Rc8+ Kf7 44. R1c7+ Ke6 45. Re8+ Kd6 46. Qxf6+
Kxc7 47. Re7+ Qd7 48. Rxd7+ Kxd7 49. Qxb6 Nc6 50. Qb7+ Kd6 51. Qxh7 a4 52.
Qxg6+ Kc5 53. h7 1-0

[Event "Magyar rapid bajnokság"]
[Site "Ajka"]
[Date "2020.07.17"]
[Round "3.10"]
[White "Pasztor, Ferenc"]
[Black "Czebe, Attila"]
[Result "0-1"]
[WhiteElo "2222"]
[BlackElo "2517"]
[PlyCount "123"]
[EventDate "2020.07.17"]
[EventType "swiss"]
[EventRounds "13"]
[EventCountry "HUN"]

1. d4 d6 2. Nf3 g6 3. e4 Nf6 4. Nc3 a6 5. Be2 b5 6. Nd2 Bb7 7. f3 Bg7 8. Nb3
O-O 9. Be3 b4 10. Nb1 a5 11. a3 a4 12. N3d2 c5 13. dxc5 dxc5 14. Bxc5 Na6 15.
Be3 Nd7 16. Nc4 Qc7 17. axb4 Nxb4 18. c3 Nc6 19. O-O Nde5 20. Nbd2 f5 21. Rxa4
fxe4 22. Nxe4 Nxc4 23. Bxc4+ Kh8 24. Ng5 Rxa4 25. Qxa4 Qe5 26. Bc1 Nd8 27. Qd1
Qc5+ 28. Kh1 Qxc4 29. Re1 Bf6 30. Ne4 Bxe4 31. Rxe4 Qc6 32. c4 Nf7 33. Bf4 Rd8
34. Qc2 Nd6 35. Bxd6 Qxd6 36. Re1 Qd2 37. Qxd2 Rxd2 38. b4 Rc2 39. Rb1 Rxc4 40.
g3 Bd4 41. b5 Rc7 42. Kg2 Kg7 43. h4 Bb6 44. f4 Rc2+ 45. Kh3 h5 46. Rb3 Rc4 47.
Rd3 Rb4 48. Rd5 Kf6 49. Re5 e6 50. Rg5 Bc7 51. Rc5 Bd6 52. Rc6 Ke7 53. Rb6 Bc5
54. Rb7+ Kf6 55. Kg2 Kf5 56. Rc7 Rxb5 57. Kf3 Rb3+ 58. Kg2 Rc3 59. Kh3 Rc2 60.
Rf7+ Ke4 61. Rf6 Kf3 62. Rxg6 0-1

[Event "Magyar rapid bajnokság"]
[Site "Ajka"]
[Date "2020.07.17"]
[Round "3.11"]
[White "Mihok, Oliver"]
[Black "Krstulovic, Alex"]
[Result "1/2-1/2"]
[WhiteElo "2508"]
[BlackElo "2108"]
[PlyCount "58"]
[EventDate "2020.07.17"]
[EventType "swiss"]
[EventRounds "13"]
[EventCountry "HUN"]

1. e4 d5 2. exd5 Nf6 3. d4 Nxd5 4. Nf3 g6 5. c4 Nb6 6. Nc3 Bg7 7. c5 Nd5 8. Bc4
c6 9. O-O O-O 10. Re1 h6 11. Ne5 Nd7 12. Nxd5 cxd5 13. Bxd5 Nxe5 14. dxe5 Qc7
15. Qc2 Bf5 16. Qc4 e6 17. Bf3 Rfd8 18. Bf4 g5 19. Bg3 Rd2 20. Qb4 Rad8 21.
Rac1 R8d7 22. c6 bxc6 23. Rxc6 Qd8 24. h3 Bf8 25. Qa4 Rxb2 26. Rec1 Rb4 27. Qa6
Bd3 28. Qc8 Qxc8 29. Rxc8 Be4 1/2-1/2

[Event "Magyar rapid bajnokság"]
[Site "Ajka"]
[Date "2020.07.17"]
[Round "3.12"]
[White "Frink, Ferenc"]
[Black "Aczel, Gergely"]
[Result "0-1"]
[WhiteElo "2053"]
[BlackElo "2506"]
[PlyCount "100"]
[EventDate "2020.07.17"]
[EventType "swiss"]
[EventRounds "13"]
[EventCountry "HUN"]

1. e4 c5 2. b4 cxb4 3. a3 d5 4. e5 Nc6 5. d4 Bf5 6. axb4 Nxb4 7. Bb5+ Nc6 8. c3
a6 9. Bd3 Bxd3 10. Qxd3 e6 11. Ne2 Nge7 12. O-O Nf5 13. h3 h5 14. Nd2 Be7 15.
Kh2 Qc7 16. Nb3 Rc8 17. Ra2 h4 18. g4 hxg3+ 19. fxg3 Nd8 20. Nd2 f6 21. exf6
gxf6 22. Rxf5 exf5 23. Qxf5 Qd7 24. Qg6+ Nf7 25. g4 Qe6 26. Nf3 Qe4 27. Qf5
Qxf5 28. gxf5 Nd6 29. Ba3 Nxf5 30. Bxe7 Nxe7 31. Ne1 Kf7 32. Nd3 Rc6 33. Nb4
Rd6 34. Nf4 Rc8 35. Ne2 Ng6 36. Ra5 Re8 37. Ng3 Ne7 38. h4 Kg6 39. h5+ Kh7 40.
Kg2 Rg8 41. Kf3 Rg5 42. Nd3 Nf5 43. Ne2 Nh4+ 44. Kf4 Ng2+ 45. Kf3 Nh4+ 46. Kf4
Re6 47. Ng3 Ng2+ 48. Kf3 Re3+ 49. Kxg2 Rexg3+ 50. Kf2 Rxd3 0-1

[Event "Magyar rapid bajnokság"]
[Site "Ajka"]
[Date "2020.07.17"]
[Round "3.13"]
[White "Horvath, Adam"]
[Black "Juhasz, Barbara"]
[Result "1-0"]
[WhiteElo "2496"]
[BlackElo "2099"]
[PlyCount "131"]
[EventDate "2020.07.17"]
[EventType "swiss"]
[EventRounds "13"]
[EventCountry "HUN"]

1. e4 c5 2. Nf3 Nc6 3. Bb5 g6 4. O-O Bg7 5. Re1 e5 6. c3 Nge7 7. d4 cxd4 8.
cxd4 exd4 9. Bf4 d6 10. Nbd2 O-O 11. Nb3 Bg4 12. h3 Bxf3 13. Qxf3 Ne5 14. Qg3
Qb6 15. Bf1 N7c6 16. Rad1 a5 17. Bc1 a4 18. Nd2 Nb4 19. f4 Nd7 20. e5 dxe5 21.
fxe5 Nc2 22. Re4 Ne3 23. Re1 Nf5 24. Qf2 Nc5 25. Rf4 Ne6 26. Rxf5 gxf5 27. Bd3
Rfe8 28. Nc4 Qc5 29. Nd6 Nf8 30. Bf4 Ng6 31. Nxf5 Bf8 32. Qg3 Re6 33. h4 h5 34.
Rc1 Qb6 35. Bc4 Rc8 36. Kh2 Rec6 37. b3 axb3 38. axb3 Re8 39. Rd1 Rxc4 40. bxc4
Qe6 41. Nxd4 Qxc4 42. e6 Be7 43. Bg5 Bc5 44. exf7+ Qxf7 45. Nf3 b6 46. Kh1 Qf5
47. Bc1 Qg4 48. Qh2 Re2 49. Rd8+ Bf8 50. Ba3 Ra2 51. Bxf8 Nxf8 52. Qg1 Qg6 53.
Qf1 Qf7 54. Qb1 Rf2 55. Qd3 Qf6 56. Qd5+ Qf7 57. Qd4 Ra2 58. Qe5 Rc2 59. Qg5+
Qg7 60. Rxf8+ Kxf8 61. Qd8+ Kf7 62. Ng5+ Kg6 63. Qd3+ Kh6 64. Qxc2 Qa1+ 65. Kh2
Qe5+ 66. Kh3 1-0

[Event "Magyar rapid bajnokság"]
[Site "Ajka"]
[Date "2020.07.17"]
[Round "3.14"]
[White "Acs, Marton"]
[Black "Seres, Lajos"]
[Result "1/2-1/2"]
[WhiteElo "2014"]
[BlackElo "2455"]
[PlyCount "63"]
[EventDate "2020.07.17"]
[EventType "swiss"]
[EventRounds "13"]
[EventCountry "HUN"]

1. Nf3 d5 2. g3 g6 3. Bg2 Bg7 4. d4 Nf6 5. O-O O-O 6. c4 dxc4 7. Na3 c3 8. bxc3
c5 9. e3 Nc6 10. Qe2 Qa5 11. Bb2 Bf5 12. Nd2 Bg4 13. f3 Be6 14. Nb3 Bxb3 15.
axb3 Rfd8 16. f4 cxd4 17. exd4 e6 18. Qb5 Qc7 19. Nc4 Nd5 20. Ne5 Nxe5 21. fxe5
Nxc3 22. Qxb7 Ne2+ 23. Kh1 Qxb7 24. Bxb7 Rab8 25. Rxa7 Rd7 26. Rf2 Rdxb7 27.
Rxb7 Rxb7 28. Rxe2 Rxb3 29. Kg2 h5 30. Bc1 Bf8 31. Be3 Rd3 32. Kf3 1/2-1/2

[Event "Magyar rapid bajnokság"]
[Site "Ajka"]
[Date "2020.07.17"]
[Round "3.15"]
[White "Kaczur, Florian"]
[Black "Persanyi, Barnabas"]
[Result "1-0"]
[WhiteElo "2454"]
[BlackElo "2019"]
[PlyCount "183"]
[EventDate "2020.07.17"]
[EventType "swiss"]
[EventRounds "13"]
[EventCountry "HUN"]

1. e4 e5 2. Nf3 Nc6 3. Bc4 Bc5 4. c3 Nf6 5. d3 d6 6. O-O O-O 7. Bb3 h6 8. h3 a5
9. Re1 Be6 10. Bc2 Bb6 11. d4 exd4 12. cxd4 d5 13. e5 Ne4 14. Nc3 Ne7 15. Nxe4
dxe4 16. Bxe4 Bd5 17. Qc2 Bxe4 18. Rxe4 Qd7 19. Rg4 Ng6 20. Be3 Rad8 21. Rd1
Qe6 22. b3 Rd5 23. Rc1 Rfd8 24. Qe4 c6 25. h4 Re8 26. Rg3 Kh8 27. h5 Ne7 28.
Nh4 c5 29. dxc5 Rxe5 30. Qa4 Nd5 31. cxb6 Nxe3 32. fxe3 Rxe3 33. Qg4 Rxg3 34.
Qxg3 Qxb6+ 35. Kh2 Qb5 36. Qg4 Qe5+ 37. Kh1 Qe3 38. Rf1 Qe4 39. Qxe4 Rxe4 40.
Nf3 a4 41. Re1 Rb4 42. Re3 Rb5 43. g4 Kh7 44. Ne5 g6 45. hxg6+ fxg6 46. bxa4
Rb4 47. Rb3 Rxa4 48. Rxb7+ Kg8 49. Kg2 Rxa2+ 50. Kf3 Ra3+ 51. Ke4 Ra4+ 52. Kd5
Ra5+ 53. Kd6 Ra6+ 54. Nc6 Ra4 55. Nb4 h5 56. g5 h4 57. Nd5 h3 58. Rb8+ Kg7 59.
Rb7+ Kg8 60. Ne7+ Kf7 61. Nd5+ Kf8 62. Ke5 h2 63. Rh7 Ra2 64. Kf6 Ra6+ 65. Ke5
Ra2 66. Ne3 Ra5+ 67. Kf4 Ra4+ 68. Ke5 Ra5+ 69. Nd5 Ra2 70. Nc3 Ra5+ 71. Kf4
Rf5+ 72. Kg4 Rf2 73. Ne4 Ra2 74. Kg3 Ra4 75. Nd2 Ra5 76. Nf3 Ra3 77. Rxh2 Rb3
78. Rh7 Ra3 79. Rb7 Ra5 80. Kf4 Ra4+ 81. Ke5 Ra5+ 82. Ke4 Ra4+ 83. Nd4 Ra5 84.
Nb5 Ra4+ 85. Ke5 Ra1 86. Nd6 Ra6 87. Rf7+ Kg8 88. Rd7 Ra1 89. Kf6 Ra8 90. Kxg6
Kf8 91. Rf7+ Kg8 92. Re7 1-0

[Event "Magyar rapid bajnokság"]
[Site "Ajka"]
[Date "2020.07.17"]
[Round "3.16"]
[White "Mihalyfi, Gabor"]
[Black "Kozak, Adam"]
[Result "0-1"]
[WhiteElo "1960"]
[BlackElo "2438"]
[PlyCount "44"]
[EventDate "2020.07.17"]
[EventType "swiss"]
[EventRounds "13"]
[EventCountry "HUN"]

1. e4 e5 2. d4 exd4 3. Bc4 Nc6 4. Nf3 Bc5 5. O-O d6 6. Bg5 Nge7 7. c3 Bg4 8. h3
Bxf3 9. Qxf3 Ne5 10. Qe2 O-O 11. cxd4 Bxd4 12. Bb3 h6 13. Bh4 N5g6 14. Bg3 Nc6
15. Nc3 Qg5 16. Kh1 Be5 17. Bxe5 dxe5 18. Rad1 Nd4 19. Qc4 c6 20. a4 Nf4 21.
Rg1 Qh5 22. Kh2 Nf3+ 0-1

[Event "Magyar rapid bajnokság"]
[Site "Ajka"]
[Date "2020.07.17"]
[Round "3.17"]
[White "Korpa, Bence"]
[Black "Fodor, Balazs"]
[Result "1-0"]
[WhiteElo "2427"]
[BlackElo "1981"]
[PlyCount "81"]
[EventDate "2020.07.17"]
[EventType "swiss"]
[EventRounds "13"]
[EventCountry "HUN"]

1. Nf3 d5 2. g3 Nf6 3. Bg2 Bf5 4. O-O e6 5. d3 h6 6. Nfd2 c6 7. e4 Bh7 8. Nc3
Be7 9. f4 dxe4 10. dxe4 Nbd7 11. Qe2 Qc7 12. Nb3 Nc5 13. Nxc5 Bxc5+ 14. Kh1 a5
15. e5 Nd5 16. Ne4 Bxe4 17. Bxe4 h5 18. c4 Ne7 19. Be3 Qb6 20. Bxc5 Qxc5 21.
Rad1 g6 22. Rd2 O-O 23. Rfd1 Nf5 24. Bxf5 exf5 25. Rd7 Rae8 26. Rxb7 Re7 27.
Rxe7 Qxe7 28. Rd6 Rd8 29. c5 Rb8 30. b3 a4 31. Qc4 axb3 32. axb3 Qb7 33. Rxg6+
Kh7 34. Rf6 Kg7 35. Rxf5 Qd7 36. Rg5+ Kf8 37. Kg2 Qd2+ 38. Kh3 Qd1 39. e6 Rxb3
40. exf7 Qd7+ 41. Kh4 1-0

[Event "Magyar rapid bajnokság"]
[Site "Ajka"]
[Date "2020.07.17"]
[Round "3.18"]
[White "Lejer, Sandor"]
[Black "Fancsy, Imre"]
[Result "0-1"]
[WhiteElo "1941"]
[BlackElo "2414"]
[PlyCount "96"]
[EventDate "2020.07.17"]
[EventType "swiss"]
[EventRounds "13"]
[EventCountry "HUN"]

1. Nf3 d5 2. d4 Nf6 3. c4 dxc4 4. Nc3 a6 5. e3 e6 6. Bxc4 c5 7. O-O b5 8. Bd3
Bb7 9. Ne1 cxd4 10. exd4 Be7 11. Be3 O-O 12. Rc1 Nbd7 13. f3 Nb6 14. Bf2 Nc4
15. Qe2 Nd5 16. Bxc4 Nf4 17. Qd2 bxc4 18. Ne4 Ng6 19. Rxc4 Bd5 20. Rc1 Bxa2 21.
Nd3 Bd5 22. Nec5 Bg5 23. Be3 Bxe3+ 24. Qxe3 a5 25. Ra1 Rb8 26. Ra3 Nh4 27. Qf2
Nf5 28. Ne5 Rb5 29. Rd1 Qg5 30. Ne4 Qe7 31. Nc3 Rb6 32. Nxd5 exd5 33. Rxa5 Rfb8
34. Rd2 Nd6 35. Rc5 Qb7 36. Rcc2 f6 37. Nd3 Nc4 38. Nc5 Qa7 39. Re2 Rxb2 40.
Rxb2 Rxb2 41. Re8+ Kf7 42. Qe1 Qb6 43. Re7+ Kg6 44. Nd3 Qxd4+ 45. Nf2 Ne5 46.
h3 Nd3 47. Re2 Nxe1 48. Rxb2 Qxb2 0-1

[Event "Magyar rapid bajnokság"]
[Site "Ajka"]
[Date "2020.07.17"]
[Round "3.19"]
[White "Meszaros, Tamas"]
[Black "Gombocz, Ferenc Jr"]
[Result "1-0"]
[WhiteElo "2401"]
[BlackElo "1943"]
[PlyCount "57"]
[EventDate "2020.07.17"]
[EventType "swiss"]
[EventRounds "13"]
[EventCountry "HUN"]

1. e4 e5 2. Nf3 Nc6 3. Be2 g6 4. d4 exd4 5. Nxd4 Bg7 6. Nxc6 bxc6 7. O-O Ne7 8.
c4 O-O 9. Qc2 d6 10. Nc3 f5 11. Bg5 Bf6 12. Bxf6 Rxf6 13. Rad1 fxe4 14. Nxe4
Rf8 15. Qc3 Nf5 16. g4 Ng7 17. g5 Rf4 18. Nf6+ Kf7 19. Bf3 Bd7 20. c5 Rf5 21.
Nxd7 Qxd7 22. cxd6 Rxg5+ 23. Kh1 Rd8 24. Bxc6 Qg4 25. Qb3+ Kf8 26. dxc7 Rc8 27.
Rd8+ Ke7 28. Re1+ Kf6 29. Rd6+ 1-0

[Event "Magyar rapid bajnokság"]
[Site "Ajka"]
[Date "2020.07.17"]
[Round "3.20"]
[White "Szilagyi, Norbert"]
[Black "Ruck, Robert"]
[Result "0-1"]
[WhiteElo "1912"]
[BlackElo "2453"]
[PlyCount "118"]
[EventDate "2020.07.17"]
[EventType "swiss"]
[EventRounds "13"]
[EventCountry "HUN"]

1. e4 c6 2. d4 d5 3. Nd2 dxe4 4. Nxe4 Bf5 5. Ng3 Bg6 6. Bc4 e6 7. N1e2 Nf6 8.
Nf4 Bd6 9. Bb3 Qc7 10. Qf3 Nd5 11. Nxg6 hxg6 12. Bd2 Nd7 13. O-O-O Bf4 14. Kb1
Bxd2 15. Rxd2 N5f6 16. c4 O-O-O 17. h3 Rh4 18. Rhd1 Nb6 19. Ne2 Rd7 20. g3 Rh8
21. h4 Rhd8 22. Nc3 Kb8 23. a3 a6 24. Ba2 Nc8 25. d5 c5 26. Rd3 e5 27. Re3 Re7
28. Qe2 Rde8 29. g4 Nd6 30. Ka1 Nd7 31. Re1 f5 32. f4 e4 33. Bb1 Rh8 34. gxf5
gxf5 35. h5 Nf6 36. Rh3 Rh6 37. Rg1 Qd8 38. Nd1 Qh8 39. Rg5 g6 40. Rhg3 Nxh5
41. Rg1 Nxf4 42. Qe3 Qe5 43. Qxc5 Rc7 44. Qb4 Rxc4 45. Qb3 Rh3 46. Ne3 Rc7 47.
R5g3 Rh2 48. Rxg6 Nxg6 49. Rxg6 Rh3 50. Qb6 Nc8 51. Qb3 f4 52. d6 Nxd6 53. Nc4
Rxb3 54. Nxe5 Nc4 55. Rg8+ Ka7 56. Ba2 Nxe5 57. Bxb3 f3 58. Rf8 e3 59. Re8 f2
0-1

[Event "Magyar rapid bajnokság"]
[Site "Ajka"]
[Date "2020.07.17"]
[Round "3.21"]
[White "Kantor, Gergely"]
[Black "Horvath, Tamas"]
[Result "1-0"]
[WhiteElo "2424"]
[BlackElo "2320"]
[PlyCount "73"]
[EventDate "2020.07.17"]
[EventType "swiss"]
[EventRounds "13"]
[EventCountry "HUN"]

1. d4 Nf6 2. c4 e6 3. Nf3 Bb4+ 4. Bd2 Qe7 5. g3 Nc6 6. Nc3 Bxc3 7. Bxc3 Ne4 8.
Rc1 O-O 9. Bg2 d6 10. d5 Nd8 11. O-O e5 12. Nd2 Nxc3 13. Rxc3 b6 14. b4 a5 15.
Ra3 Nb7 16. Nb3 Bf5 17. bxa5 bxa5 18. c5 dxc5 19. Qc1 c4 20. Nd2 Qb4 21. Nxc4
Qe7 22. Qb2 Nd6 23. Nxe5 Rfe8 24. Re3 Qf6 25. f4 Rab8 26. Qc3 Nb5 27. Qxa5 Qd6
28. Rc1 f6 29. Nc6 Rxe3 30. Nxb8 Nd4 31. Qxc7 Qxc7 32. Rxc7 Rxe2 33. d6 Re1+
34. Kf2 Re2+ 35. Kf1 Bd3 36. Bd5+ Ne6 37. Kg1 1-0

[Event "Magyar rapid bajnokság"]
[Site "Ajka"]
[Date "2020.07.17"]
[Round "3.22"]
[White "Ongut, Tamas Gunes"]
[Black "Geher, Koppany"]
[Result "1/2-1/2"]
[WhiteElo "1979"]
[BlackElo "1776"]
[PlyCount "154"]
[EventDate "2020.07.17"]
[EventType "swiss"]
[EventRounds "13"]
[EventCountry "HUN"]

1. Nc3 d5 2. d4 Nf6 3. Bf4 e6 4. e3 Bd6 5. Bg3 a6 6. Nf3 O-O 7. Ne5 c5 8. dxc5
Bxc5 9. Bd3 Bd6 10. O-O Qc7 11. f4 Nc6 12. Nxc6 Qxc6 13. Qf3 b5 14. e4 Bb7 15.
e5 Bc5+ 16. Kh1 Ne4 17. Bh4 Bb4 18. Ne2 Qc7 19. c3 Be7 20. Bxe7 Qxe7 21. Rad1
Rac8 22. Qe3 Qc5 23. Qxc5 Nxc5 24. Bb1 Ne4 25. Kg1 Ba8 26. Bxe4 dxe4 27. Kf2
Bd5 28. a3 a5 29. Ke3 b4 30. axb4 axb4 31. cxb4 Rb8 32. Rd4 Rfc8 33. Nc3 Rc4
34. Rxc4 Bxc4 35. Ra1 h6 36. Nxe4 Rxb4 37. Ra8+ Kh7 38. Ra7 Kg6 39. Nd6 Bd5 40.
g4 Rb3+ 41. Kd4 Rb4+ 42. Ke3 Rb3+ 43. Kd2 Rxb2+ 44. Kc3 Rb3+ 45. Kc2 Rb6 46. h4
h5 47. gxh5+ Kxh5 48. Rxf7 Rb4 49. Ne8 Kxh4 50. Nxg7 Kg4 51. Ne8 Be4+ 52. Kc3
Ra4 53. Nd6 Bd5 54. f5 exf5 55. Rxf5 Rf4 56. Rxf4+ Kxf4 57. Kd4 Be6 58. Ne4 Kf5
59. Nc5 Bg8 60. Nb7 Ke6 61. Nd6 Bh7 62. Nc4 Bb1 63. Nd2 Bg6 64. Nf3 Bf5 65.
Ng5+ Ke7 66. Kd5 Bd7 67. Ne4 Be6+ 68. Kd4 Bg8 69. Ng5 Ba2 70. Ke4 Bb1+ 71. Kd4
Ba2 72. Nf3 Bg8 73. Ne1 Ba2 74. Nc2 Bg8 75. Na1 Ba2 76. Nb3 Bxb3 77. e6 Bxe6
1/2-1/2

[Event "Magyar rapid bajnokság"]
[Site "Ajka"]
[Date "2020.07.17"]
[Round "3.23"]
[White "Horvath, Peter"]
[Black "Szabo, Vince David"]
[Result "1-0"]
[WhiteElo "2466"]
[BlackElo "1387"]
[PlyCount "85"]
[EventDate "2020.07.17"]
[EventType "swiss"]
[EventRounds "13"]
[EventCountry "HUN"]

1. d4 d5 2. c4 c6 3. Nf3 Nf6 4. Nc3 Bf5 5. Qb3 Qb6 6. c5 Qxb3 7. axb3 Nbd7 8.
b4 e6 9. b5 Ne4 10. e3 Be7 11. Bd2 Bg4 12. b4 Bf6 13. bxc6 bxc6 14. Bd3 Ng5 15.
Nxg5 Bxg5 16. b5 cxb5 17. Nxb5 O-O 18. f3 Bh5 19. Ke2 a6 20. Nd6 Nb8 21. Rhb1
Be7 22. Rb6 Bd8 23. Rb7 a5 24. Bb5 f5 25. c6 Nxc6 26. Bxc6 Ra6 27. Rc1 a4 28.
Bb4 a3 29. Bb5 Ra8 30. Bd7 Bf7 31. Nxf7 Kxf7 32. Bxf8 Kxf8 33. Bxe6 Ba5 34.
Bxd5 f4 35. Rf7+ Ke8 36. Rxg7 Ra6 37. Ba2 fxe3 38. Rxh7 Rf6 39. Rc8+ Bd8 40.
Rh8+ Ke7 41. Rcxd8 Rb6 42. Rb8 Rc6 43. Rb7+ 1-0

[Event "Magyar rapid bajnokság"]
[Site "Ajka"]
[Date "2020.07.17"]
[Round "3.24"]
[White "Bagi, Mate"]
[Black "Piroska, Istvan"]
[Result "1-0"]
[WhiteElo "2462"]
[BlackElo "1896"]
[PlyCount "43"]
[EventDate "2020.07.17"]
[EventType "swiss"]
[EventRounds "13"]
[EventCountry "HUN"]

1. e4 e5 2. Nf3 Nc6 3. Nc3 Nf6 4. Bb5 Nd4 5. Bc4 Bc5 6. d3 Nxf3+ 7. gxf3 a6 8.
f4 exf4 9. Bxf4 d6 10. Rg1 Rg8 11. d4 Bb4 12. Qf3 Qe7 13. O-O-O Bxc3 14. bxc3
Be6 15. d5 Bd7 16. e5 dxe5 17. Bxe5 Bg4 18. Qf4 O-O-O 19. Bxf6 Qa3+ 20. Kd2
Bxd1 21. Bxd8 Bxc2 22. Qxc7# 1-0

[Event "Magyar rapid bajnokság"]
[Site "Ajka"]
[Date "2020.07.17"]
[Round "3.25"]
[White "Horvath, Jozsef"]
[Black "Juhasz, Judit"]
[Result "1-0"]
[WhiteElo "2438"]
[BlackElo "1885"]
[PlyCount "171"]
[EventDate "2020.07.17"]
[EventType "swiss"]
[EventRounds "13"]
[EventCountry "HUN"]

1. c4 c5 2. Nc3 Nc6 3. g3 g6 4. Bg2 Bg7 5. Nf3 e5 6. a3 Nge7 7. Rb1 a5 8. d3 d6
9. O-O O-O 10. Bd2 h6 11. Ne1 Be6 12. Nd5 f5 13. Nc2 Nd4 14. b4 axb4 15. axb4
Bxd5 16. cxd5 Ra2 17. Nxd4 cxd4 18. b5 g5 19. e3 Qb6 20. exd4 Qxd4 21. Be3 Qc3
22. Rc1 Qa5 23. Qb3 Ra3 24. Bb6 Rxb3 25. Bxa5 Rxb5 26. Bc7 Nxd5 27. Bxd6 Rd8
28. Rb1 Nc3 29. Rxb5 Nxb5 30. Bc5 Rxd3 31. Rb1 Nc3 32. Rxb7 Rd1+ 33. Bf1 Ne4
34. Bb4 Rb1 35. f3 Nd2 36. Rxg7+ Kxg7 37. Bxd2 Kf6 38. Kf2 Rb2 39. Ke1 Rb1+ 40.
Kf2 Rb2 41. Ke1 Rb1+ 42. Ke2 Rb2 43. Kd3 Rb1 44. Ke2 Rb2 45. Bg2 Ke6 46. h4 f4
47. gxf4 gxf4 48. Bh3+ Kd5 49. Kd3 Rb3+ 50. Bc3 Rb6 51. Bf5 Rb1 52. h5 Rh1 53.
Be4+ Ke6 54. Bg6 Rb1 55. Ke4 Rb3 56. Bf5+ Kf6 57. Bxe5+ Kg5 58. Bxf4+ Kxh5 59.
Bd6 Rc3 60. f4 Kh4 61. Bg6 Rc6 62. Kd5 Rc1 63. f5 Kg5 64. Be7+ Kg4 65. f6 Rd1+
66. Ke5 Re1+ 67. Be4 Rf1 68. Bb4 h5 69. Bg2 Rf2 70. Bd5 Re2+ 71. Be4 Rf2 72.
Bc5 Rf1 73. Bc6 Re1+ 74. Be4 Rf1 75. Bc6 Re1+ 76. Kd6 Rd1+ 77. Bd5 Rf1 78. f7
h4 79. Ke7 h3 80. f8=Q Rxf8 81. Kxf8 Kf4 82. Kg7 Ke5 83. Bh1 Kf4 84. Kh6 Kg4
85. Bd6 Kh4 86. Bf3 1-0